[Event "OLOMOUC 2006 - GM (CZE)"]
[Site "?"]
[Date "2006.08.09"]
[Round "10.1"]
[White "Shanava, Konstantine"]
[Black "Maslak, Konstantin"]
[Result "1/2-1/2"]
[WhiteElo "2490"]
[BlackElo "2537"]
[PlyCount "47"]
[EventDate "2006.08.02"]

1. e4 e6 2. d4 d5 3. Nd2 dxe4 4. Nxe4 Nd7 5. Nf3 Ngf6 6. Nxf6+ Nxf6 7. Bc4 a6
8. a4 c5 9. O-O cxd4 10. Qe2 Bc5 11. Rd1 O-O 12. Bf4 b6 13. Be5 Nd7 14. Bxd4
Qe7 15. Bc3 Nf6 16. Ng5 Bb7 17. Bd3 h6 18. Ne4 Nxe4 19. Bxe4 Rfd8 20. Bxb7 Qxb7
21. Qe5 Bf8 22. Rd4 Rxd4 23. Qxd4 Rc8 24. h3 1/2-1/2

[Event "OLOMOUC 2006 - GM (CZE)"]
[Site "?"]
[Date "2006.08.09"]
[Round "10.2"]
[White "Kraemer, Martin"]
[Black "Arutinian, David"]
[Result "0-1"]
[WhiteElo "2434"]
[BlackElo "2552"]
[PlyCount "112"]
[EventDate "2006.08.02"]

1. e4 c6 2. Nc3 d5 3. Nf3 a6 4. d4 Bg4 5. h3 Bh5 6. Be2 e6 7. O-O Nf6 8. e5
Nfd7 9. Bg5 Be7 10. Bxe7 Qxe7 11. Nd2 Bg6 12. Nb3 c5 13. dxc5 Nxc5 14. Nd4 Nc6
15. f4 O-O 16. Bf3 Kh8 17. Nce2 f6 18. Nxc6 bxc6 19. Nd4 Nd7 20. exf6 Rxf6 21.
Qd2 c5 22. Ne2 Rb8 23. c3 a5 24. Rae1 Qd6 25. Nc1 h6 26. Bg4 Rbf8 27. Ne2 a4
28. b3 axb3 29. axb3 Nb8 30. b4 cxb4 31. cxb4 h5 32. Bf3 Nc6 33. Kh1 Nxb4 34.
Rd1 Kg8 35. Qd4 Nc2 36. Qc3 Qb6 37. Rd2 Ne3 38. Rc1 Nc4 39. Rxd5 exd5 40. Bxd5+
Kh8 41. Qxc4 Rd6 42. Bf3 Bd3 43. Qc5 Qxc5 44. Rxc5 g6 45. Re5 Bxe2 46. Rxe2
Rxf4 47. Kh2 Kg7 48. Kg3 Rb4 49. Re7+ Kh6 50. Re8 Rd2 51. Re6 Rb3 52. Kf4 Rf2
53. Rd6 Ra3 54. Rb6 Ra4+ 55. Ke3 Rfa2 56. Be4 Ra6 0-1

[Event "OLOMOUC 2006 - GM (CZE)"]
[Site "?"]
[Date "2006.08.09"]
[Round "10.3"]
[White "Matamoros Franco, Carlos S"]
[Black "Biolek, Richard"]
[Result "1/2-1/2"]
[WhiteElo "2544"]
[BlackElo "2440"]
[PlyCount "27"]
[EventDate "2006.08.02"]

1. c4 e5 2. g3 d6 3. Bg2 f5 4. Nc3 Nf6 5. d3 g6 6. Nf3 Bg7 7. O-O O-O 8. b4 h6
9. b5 g5 10. a4 c5 11. Ne1 a5 12. bxa6 Rxa6 13. Rb1 Nc6 14. f4 1/2-1/2

[Event "OLOMOUC 2006 - GM (CZE)"]
[Site "?"]
[Date "2006.08.09"]
[Round "10.4"]
[White "Kryvoruchko, Yuriy"]
[Black "Womacka, Mathias"]
[Result "1-0"]
[WhiteElo "2536"]
[BlackElo "2423"]
[PlyCount "69"]
[EventDate "2006.08.02"]

1. e4 c5 2. Nf3 d6 3. d4 cxd4 4. Nxd4 Nf6 5. Nc3 a6 6. Be3 e5 7. Nb3 Be6 8. Qd2
Nbd7 9. f4 b5 10. f5 Bc4 11. O-O-O Be7 12. h3 Qc7 13. g4 b4 14. Nd5 Nxd5 15.
exd5 a5 16. Kb1 O-O 17. g5 Rfc8 18. f6 Bd8 19. Nc1 Nb6 20. Bxb6 Qxb6 21. fxg7
Ra7 22. h4 Rac7 23. Bh3 Bxa2+ 24. Kxa2 Rxc2 25. Bxc8 Rxd2 26. Rxd2 Qe3 27. Rdd1
a4 28. Bf5 Bb6 29. Rhf1 Qg3 30. Nd3 Qxh4 31. Rc1 Qd4 32. Rh1 Bd8 33. Rxh7 e4
34. Rc8 Qxd5+ 35. Ka1 1-0

[Event "OLOMOUC 2006 - GM (CZE)"]
[Site "?"]
[Date "2006.08.09"]
[Round "10.5"]
[White "Simacek, Pavel"]
[Black "Plischki, Sebastian"]
[Result "1-0"]
[WhiteElo "2500"]
[BlackElo "2387"]
[PlyCount "85"]
[EventDate "2006.08.02"]

1. c4 Nf6 2. Nf3 e6 3. g3 b6 4. Bg2 Bb7 5. O-O c5 6. Nc3 Be7 7. Re1 d6 8. e4 a6
9. d4 cxd4 10. Nxd4 Qc7 11. Qd3 Nbd7 12. b3 O-O 13. Bb2 Rfe8 14. Rad1 Bf8 15.
h3 Rad8 16. g4 h6 17. Qg3 Qb8 18. h4 g6 19. Nde2 Ba8 20. g5 Nh5 21. Qe3 hxg5
22. hxg5 b5 23. cxb5 axb5 24. Nf4 Nxf4 25. Qxf4 b4 26. Ne2 e5 27. Qe3 Rc8 28.
Rd2 Bc6 29. Ng3 Qb7 30. Bf1 Ra8 31. Ba1 Ra5 32. f4 exf4 33. Qxf4 Ne5 34. Bc4
Qe7 35. Rf1 Nxc4 36. bxc4 Rxg5 37. Rg2 f5 38. Qh4 Bxe4 39. Rh2 Rxg3+ 40. Qxg3
Qa7+ 41. Rff2 Re6 42. Rh8+ Kf7 43. Rh7+ 1-0

[Event "OLOMOUC 2006 - GM (CZE)"]
[Site "?"]
[Date "2006.08.09"]
[Round "10.6"]
[White "Cernousek, Lukas"]
[Black "Jirka, Jiri"]
[Result "1-0"]
[WhiteElo "2418"]
[BlackElo "2372"]
[PlyCount "95"]
[EventDate "2006.08.02"]

1. c4 Nf6 2. Nc3 c6 3. e4 e5 4. Nf3 Qa5 5. Be2 Bb4 6. Qc2 d6 7. a3 Bc5 8. O-O
Qc7 9. b4 Bd4 10. Nxd4 exd4 11. Nd1 O-O 12. d3 a5 13. Rb1 axb4 14. axb4 c5 15.
Bg5 Ne8 16. f4 f5 17. b5 Nf6 18. Nf2 b6 19. Rbe1 Bb7 20. exf5 Nbd7 21. Ne4 Ra3
22. Bf3 h6 23. Nxf6+ Nxf6 24. Bxf6 Rxf6 25. Re8+ Rf8 26. Rxf8+ Kxf8 27. Bxb7
Qxb7 28. Re1 Ra7 29. Qe2 Qe7 30. Qxe7+ Rxe7 31. Rxe7 Kxe7 32. g4 d5 33. cxd5
Kd6 34. g5 hxg5 35. fxg5 Kxd5 36. h4 Ke5 37. f6 Ke6 38. h5 Kf7 39. fxg7 Kxg7
40. Kf2 Kf7 41. Kf3 Kg8 42. Ke4 Kh8 43. Ke5 Kg8 44. Kf6 c4 45. g6 cxd3 46. h6
d2 47. h7+ Kh8 48. Kf7 1-0

[Event "OLOMOUC 2006 - GM (CZE)"]
[Site "?"]
[Date "2006.08.10"]
[Round "11.1"]
[White "Jirka, Jiri"]
[Black "Shanava, Konstantine"]
[Result "1-0"]
[WhiteElo "2372"]
[BlackElo "2490"]
[PlyCount "69"]
[EventDate "2006.08.02"]

1. d4 Nf6 2. c4 e6 3. g3 Bb4+ 4. Bd2 Be7 5. Bg2 d5 6. Nf3 O-O 7. O-O c6 8. Qc2
Nbd7 9. Bf4 Nh5 10. Bc1 f5 11. b3 Qe8 12. Ne5 Nhf6 13. Ba3 Nxe5 14. dxe5 Bxa3
15. Nxa3 Ng4 16. Qc3 f4 17. gxf4 Rxf4 18. Qg3 Qf8 19. e3 Rf7 20. Nb5 Nh6 21.
Nd6 Nf5 22. Nxf5 Rxf5 23. Rad1 Rf7 24. e4 dxe4 25. Rd6 Bd7 26. Bxe4 Re8 27. Qd3
Ree7 28. Bxh7+ Kh8 29. Bg6 Rf3 30. Qe4 Rh3 31. Rfd1 Be8 32. Rd8 Kg8 33. Rb8 Rf3
34. Rbd8 Rf4 35. Qxf4 1-0

[Event "OLOMOUC 2006 - GM (CZE)"]
[Site "?"]
[Date "2006.08.10"]
[Round "11.2"]
[White "Plischki, Sebastian"]
[Black "Cernousek, Lukas"]
[Result "0-1"]
[WhiteElo "2387"]
[BlackElo "2418"]
[PlyCount "44"]
[EventDate "2006.08.02"]

1. d4 d5 2. c4 c6 3. Nf3 Nf6 4. Nc3 e6 5. Bg5 dxc4 6. e4 b5 7. e5 h6 8. Bh4 g5
9. Nxg5 hxg5 10. Bxg5 Nbd7 11. g3 Rg8 12. h4 Rxg5 13. hxg5 Nd5 14. g6 fxg6 15.
Qg4 Qe7 16. Bg2 Kd8 17. Qxg6 Qb4 18. Bxd5 Qxb2 19. Bxe6 Qxa1+ 20. Nd1 Rb8 21.
Rh8 Qxd4 22. Ne3 Qxe5 0-1

[Event "OLOMOUC 2006 - GM (CZE)"]
[Site "?"]
[Date "2006.08.10"]
[Round "11.5"]
[White "Arutinian, David"]
[Black "Matamoros Franco, Carlos S"]
[Result "1/2-1/2"]
[WhiteElo "2552"]
[BlackElo "2544"]
[PlyCount "23"]
[EventDate "2006.08.02"]

1. d4 Nf6 2. c4 g6 3. Nc3 Bg7 4. e4 d6 5. Nf3 O-O 6. h3 e5 7. d5 a5 8. Bg5 Na6
9. Nd2 Bd7 10. Be2 Qe8 11. Be3 Bh8 12. g4 1/2-1/2

[Event "OLOMOUC 2006 - IM-A (CZE)"]
[Site "?"]
[Date "2006.08.02"]
[Round "1.2"]
[White "Garrido Dominguez, Jesus"]
[Black "Kanovsky, David"]
[Result "0-1"]
[WhiteElo "2341"]
[BlackElo "2368"]
[PlyCount "40"]
[EventDate "2006.08.02"]

1. e4 c5 2. Nf3 e6 3. d4 cxd4 4. Nxd4 a6 5. Nc3 Qc7 6. Bd3 b5 7. O-O Bb7 8. Re1
Nf6 9. Bd2 Bc5 10. Nf3 Ng4 11. Rf1 Nc6 12. Ne2 Nce5 13. Nxe5 Nxe5 14. h3 O-O
15. Bf4 f5 16. Bxe5 Qxe5 17. exf5 exf5 18. c3 Rf6 19. Qd2 Rg6 20. Nf4 Qxf4 0-1

[Event "OLOMOUC 2006 - IM-A (CZE)"]
[Site "?"]
[Date "2006.08.02"]
[Round "1.3"]
[White "Chytilek, Roman"]
[Black "Klecker, Tadeas"]
[Result "1-0"]
[WhiteElo "2392"]
[BlackElo "1955"]
[PlyCount "75"]
[EventDate "2006.08.02"]

1. Nf3 Nf6 2. c4 c5 3. Nc3 Nc6 4. d4 cxd4 5. Nxd4 d6 6. g3 g6 7. Bg2 Nxd4 8.
Qxd4 Bg7 9. O-O O-O 10. Qd3 Ng4 11. Nd5 Be6 12. Qb3 Rb8 13. Rd1 b5 14. c5 dxc5
15. Bf4 c4 16. Qf3 Bxb2 17. Rab1 Be5 18. h3 Bxf4 19. Nxf4 Ne5 20. Qe3 Qc7 21.
Nxe6 fxe6 22. f4 Nf7 23. Qxe6 Qb6+ 24. Qxb6 Rxb6 25. Rd7 e6 26. Rxa7 Rd8 27.
Rc7 Rd2 28. a4 Nd6 29. axb5 Rxb5 30. Ra1 Rb8 31. Kf2 Rc8 32. Rxc8+ Nxc8 33. Ra8
Rd8 34. Bb7 c3 35. Bxc8 c2 36. Bxe6+ Kg7 37. Ra7+ Kf6 38. Bb3 1-0

[Event "OLOMOUC 2006 - IM-A (CZE)"]
[Site "?"]
[Date "2006.08.02"]
[Round "1.4"]
[White "Skjoldborg, Jesper"]
[Black "Ptacnikova, Lenka"]
[Result "1-0"]
[WhiteElo "2290"]
[BlackElo "2193"]
[PlyCount "91"]
[EventDate "2006.08.02"]

1. e4 c5 2. Nf3 Nc6 3. d4 cxd4 4. Nxd4 Nf6 5. Nc3 e5 6. Ndb5 d6 7. Bg5 a6 8.
Na3 b5 9. Bxf6 gxf6 10. Nd5 Bg7 11. c3 f5 12. exf5 Bxf5 13. Nc2 Be6 14. Nce3
Ne7 15. Nxe7 Qxe7 16. Bd3 d5 17. O-O O-O 18. Bc2 Rad8 19. Qh5 e4 20. Rad1 Qb7
21. Bb3 b4 22. Nxd5 bxc3 23. bxc3 Kh8 24. Rfe1 f5 25. Nf4 Bxb3 26. axb3 Rxd1
27. Rxd1 Qb6 28. c4 e3 29. Rd3 exf2+ 30. Kf1 Kg8 31. Qe2 Bd4 32. Qe7 Bg7 33.
Rg3 Qd4 34. Rxg7+ Qxg7 35. Qxg7+ Kxg7 36. Ne6+ Kf7 37. Nxf8 Kxf8 38. Kxf2 a5
39. Ke3 Ke7 40. Kd4 Kd6 41. g3 Kc6 42. h4 Kd6 43. c5+ Kc6 44. Kc4 h5 45. Kd4
Kb5 46. Kd5 1-0

[Event "OLOMOUC 2006 - IM-A (CZE)"]
[Site "?"]
[Date "2006.08.02"]
[Round "1.5"]
[White "Kersten, Uwe"]
[Black "Kotan, Ladislav"]
[Result "0-1"]
[WhiteElo "2329"]
[BlackElo "2289"]
[PlyCount "81"]
[EventDate "2006.08.02"]

1. e4 e5 2. Nf3 Nc6 3. Bb5 Bc5 4. O-O Nd4 5. Nxd4 Bxd4 6. c3 Bb6 7. d4 c6 8.
Ba4 d6 9. Na3 Bc7 10. d5 Ne7 11. Bg5 f6 12. Be3 O-O 13. dxc6 bxc6 14. Bxc6 Nxc6
15. Qd5+ Kh8 16. Qxc6 Bd7 17. Qd5 Qe8 18. f3 f5 19. exf5 Rxf5 20. c4 Rb8 21.
Qd2 a6 22. Rad1 Bc6 23. b3 Qg6 24. Kh1 Rbf8 25. Qe2 Qh5 26. Rf2 g5 27. Kg1 Qg6
28. Nb1 Ba5 29. a3 h5 30. b4 Bd8 31. Nc3 g4 32. fxg4 hxg4 33. Rxf5 Rxf5 34. c5
Bf3 35. Qxa6 Bxd1 36. Nxd1 Rf6 37. Nc3 dxc5 38. Qc8 Qd3 39. Bf2 Qd2 40. h3
Qxf2+ 41. Kh1 0-1

[Event "OLOMOUC 2006 - IM-A (CZE)"]
[Site "?"]
[Date "2006.08.02"]
[Round "1.6"]
[White "Swicarz, Maciej"]
[Black "Cifka, Stanislav"]
[Result "1-0"]
[WhiteElo "2268"]
[BlackElo "2342"]
[PlyCount "65"]
[EventDate "2006.08.02"]

1. e4 c5 2. Nc3 e6 3. Nf3 d6 4. d4 cxd4 5. Nxd4 Nf6 6. Bb5+ Nfd7 7. O-O a6 8.
Be2 Be7 9. Be3 b5 10. a4 b4 11. Na2 Bb7 12. Nxb4 d5 13. exd5 Bxb4 14. dxe6 Nf6
15. c3 Be7 16. exf7+ Kxf7 17. Qb3+ Bd5 18. c4 Be4 19. Rad1 Qc8 20. Bf3 Bc5 21.
Bxe4 Nxe4 22. Nf5 Nd7 23. Bxc5 Ndxc5 24. Qf3 Qe6 25. b4 Ng5 26. Nd6+ Kg6 27.
Qg3 Nce4 28. Nxe4 Qxe4 29. f4 h6 30. fxg5 Rad8 31. gxh6+ Kxh6 32. Rxd8 Rxd8 33.
Qf4+ 1-0

[Event "OLOMOUC 2006 - IM-A (CZE)"]
[Site "?"]
[Date "2006.08.03"]
[Round "2.1"]
[White "Gavrilov, Alexei"]
[Black "Cifka, Stanislav"]
[Result "1-0"]
[WhiteElo "2451"]
[BlackElo "2342"]
[PlyCount "71"]
[EventDate "2006.08.02"]

1. e4 c5 2. c3 Nf6 3. e5 Nd5 4. Nf3 Nc6 5. Bc4 Nb6 6. Bb3 d5 7. exd6 Qxd6 8.
Na3 Be6 9. d4 Bxb3 10. Qxb3 cxd4 11. Nb5 Qd7 12. Nbxd4 Nxd4 13. Nxd4 e6 14. O-O
Be7 15. Rd1 O-O 16. Be3 Qc8 17. Nb5 Bc5 18. Bd4 e5 19. Bxc5 Qxc5 20. Nd6 Qc6
21. Rd2 Rab8 22. Re1 Qc5 23. Red1 g6 24. Qc2 Nc4 25. Rd5 Qc6 26. Ne4 f5 27. Nc5
e4 28. Nd7 Rbd8 29. R5d4 Rfe8 30. Ne5 Nxe5 31. Rxd8 Nd3 32. Qb3+ Kf8 33. Rxe8+
Qxe8 34. Qa3+ Kg8 35. Qxa7 Qb5 36. b3 1-0

[Event "OLOMOUC 2006 - IM-A (CZE)"]
[Site "?"]
[Date "2006.08.03"]
[Round "2.2"]
[White "Kotan, Ladislav"]
[Black "Swicarz, Maciej"]
[Result "0-1"]
[WhiteElo "2289"]
[BlackElo "2268"]
[PlyCount "94"]
[EventDate "2006.08.02"]

1. e4 c6 2. d3 d5 3. Nd2 e5 4. Ngf3 Bd6 5. Be2 Nf6 6. O-O O-O 7. Re1 Re8 8. c3
Nbd7 9. Qc2 a5 10. Nf1 h6 11. Ng3 a4 12. Bd2 Nf8 13. Rad1 Ng6 14. h3 Be6 15. c4
Qb6 16. Bf1 Bc5 17. Bc3 d4 18. Bd2 Bb4 19. Nf5 Rec8 20. h4 Qa5 21. g3 b5 22.
Be2 bxc4 23. dxc4 Rcb8 24. h5 Bxf5 25. exf5 Nf8 26. Bd3 N8d7 27. Be4 Ra6 28. a3
Bxd2 29. Nxd2 Rab6 30. Rb1 Nxe4 31. Rxe4 f6 32. Rg4 Nc5 33. Ne4 d3 34. Qc1 Nxe4
35. Rxe4 d2 36. Qf1 Rxb2 37. Rd1 Qd8 38. Re2 R8b3 39. Kh2 Qd3 40. Kg2 Qf3+ 41.
Kg1 Rd3 42. c5 Kh8 43. Kh2 Qxh5+ 44. Kg1 Rc2 45. Rxe5 fxe5 46. Qxd3 Qxd1+ 47.
Kg2 Qe1 0-1

[Event "OLOMOUC 2006 - IM-A (CZE)"]
[Site "?"]
[Date "2006.08.03"]
[Round "2.3"]
[White "Ptacnikova, Lenka"]
[Black "Kersten, Uwe"]
[Result "0-1"]
[WhiteElo "2193"]
[BlackElo "2329"]
[PlyCount "76"]
[EventDate "2006.08.02"]

1. c4 b6 2. Nc3 Bb7 3. e4 c5 4. Nge2 Nc6 5. d4 cxd4 6. Nxd4 a6 7. Be2 e6 8. O-O
Qc7 9. Be3 Nf6 10. Rc1 Bc5 11. f3 Ne7 12. Na4 Bd6 13. h3 Bh2+ 14. Kh1 Nh5 15.
Bf2 Bf4 16. Rc3 Ng3+ 17. Bxg3 Bxg3 18. c5 b5 19. Nb6 Rd8 20. Bxb5 axb5 21. Nxb5
Qb8 22. f4 Bxf4 23. Rxf4 O-O 24. Nd6 f5 25. exf5 Nxf5 26. Rg4 Bc6 27. Nxf5 Rxf5
28. Rcg3 Rf7 29. b4 h5 30. Rg5 h4 31. R3g4 d5 32. Qa1 d4 33. Kg1 Bb5 34. Rxh4
Rdf8 35. Rxg7+ Rxg7 36. Rxd4 Qg3 37. Rg4 Rxg4 38. hxg4 Rf7 0-1

[Event "OLOMOUC 2006 - IM-A (CZE)"]
[Site "?"]
[Date "2006.08.03"]
[Round "2.4"]
[White "Klecker, Tadeas"]
[Black "Skjoldborg, Jesper"]
[Result "1-0"]
[WhiteElo "1955"]
[BlackElo "2290"]
[PlyCount "59"]
[EventDate "2006.08.02"]

1. Nf3 Nf6 2. c4 e6 3. Nc3 c5 4. g3 b6 5. Bg2 Bb7 6. d3 d5 7. Ne5 Bd6 8. Qa4+
Kf8 9. Bf4 a6 10. Nd7+ Qxd7 11. Qxd7 Nbxd7 12. Bxd6+ Kg8 13. b4 cxb4 14. Bxb4
Rc8 15. O-O Bc6 16. cxd5 exd5 17. Rfc1 Ba8 18. Nxd5 Re8 19. Ne7+ Kf8 20. Ng6+
Kg8 21. Nxh8 Bxg2 22. Kxg2 Kxh8 23. Rc2 h6 24. Rac1 Kh7 25. Bc3 Nd5 26. e4 Nxc3
27. Rxc3 Nc5 28. d4 Nxe4 29. Re3 f5 30. f3 1-0

[Event "OLOMOUC 2006 - IM-A (CZE)"]
[Site "?"]
[Date "2006.08.03"]
[Round "2.5"]
[White "Kanovsky, David"]
[Black "Chytilek, Roman"]
[Result "1/2-1/2"]
[WhiteElo "2368"]
[BlackElo "2392"]
[PlyCount "35"]
[EventDate "2006.08.02"]

1. e4 d5 2. exd5 Qxd5 3. Nc3 Qa5 4. d4 c6 5. Nf3 Bf5 6. Bd2 Nd7 7. g3 Ngf6 8.
Bg2 e6 9. O-O Qb6 10. Na4 Qd8 11. Re1 Be7 12. c4 O-O 13. Qb3 Qc7 14. Rac1 Rfe8
15. Bf4 Qa5 16. Bd2 Qc7 17. Bf4 Qa5 18. Bd2 1/2-1/2

[Event "OLOMOUC 2006 - IM-A (CZE)"]
[Site "?"]
[Date "2006.08.04"]
[Round "3.1"]
[White "Garrido Dominguez, Jesus"]
[Black "Gavrilov, Alexei"]
[Result "1-0"]
[WhiteElo "2341"]
[BlackElo "2451"]
[PlyCount "102"]
[EventDate "2006.08.02"]

1. e4 c6 2. c4 d5 3. cxd5 cxd5 4. exd5 Nf6 5. Nc3 Nxd5 6. Nf3 Nc6 7. d4 e6 8.
Bc4 Be7 9. O-O O-O 10. Re1 Bf6 11. Ne4 Nce7 12. Nxf6+ gxf6 13. Bh6 Re8 14. Bd3
Kh8 15. h4 Rg8 16. Kh2 Bd7 17. Rc1 Bc6 18. a3 Rc8 19. Qe2 Nb6 20. Bf4 Bd5 21.
Bg3 Qd7 22. Qe3 Rg7 23. Rxc8+ Nbxc8 24. Qf4 Bxf3 25. Qxf6 Nc6 26. Qxf3 Qxd4 27.
Bb5 N8e7 28. b4 a6 29. Ba4 Nd5 30. Re4 Qc3 31. Qxc3 Nxc3 32. Bxc6 bxc6 33. Rc4
Nd5 34. Rxc6 a5 35. Rc8+ Rg8 36. Rxg8+ Kxg8 37. bxa5 Kf8 38. Bd6+ Ke8 39. a6
Kd7 40. a7 Nb6 41. Bc5 Na8 42. Kg3 Kc6 43. Be3 Kd7 44. Kf4 f6 45. g4 Kd6 46. g5
Ke7 47. gxf6+ Kxf6 48. Bd4+ Ke7 49. Kg5 Kf7 50. Kh6 Kg8 51. a4 Nc7 1-0

[Event "OLOMOUC 2006 - IM-A (CZE)"]
[Site "?"]
[Date "2006.08.04"]
[Round "3.3"]
[White "Skjoldborg, Jesper"]
[Black "Kanovsky, David"]
[Result "1/2-1/2"]
[WhiteElo "2290"]
[BlackElo "2368"]
[PlyCount "25"]
[EventDate "2006.08.02"]

1. e4 c5 2. Nf3 e6 3. d4 cxd4 4. Nxd4 a6 5. Nc3 Qc7 6. g3 b5 7. Bg2 Bb7 8. O-O
d6 9. Re1 Nf6 10. a4 b4 11. Nd5 exd5 12. exd5+ Kd8 13. Bg5 1/2-1/2

[Event "OLOMOUC 2006 - IM-A (CZE)"]
[Site "?"]
[Date "2006.08.04"]
[Round "3.4"]
[White "Kersten, Uwe"]
[Black "Klecker, Tadeas"]
[Result "1/2-1/2"]
[WhiteElo "2329"]
[BlackElo "1955"]
[PlyCount "105"]
[EventDate "2006.08.02"]

1. e4 c6 2. d4 d5 3. Nc3 g6 4. h3 Nh6 5. Bf4 f6 6. exd5 cxd5 7. Nb5 Na6 8. c4
Bg7 9. Qa4 O-O 10. cxd5 e5 11. dxe6 Bxe6 12. Nf3 Re8 13. Be2 Bd5 14. Kf1 Kh8
15. Bc4 Nf5 16. Bxd5 Qxd5 17. Nc3 Qd8 18. g4 Nd6 19. Kg2 f5 20. Bxd6 Qxd6 21.
Rae1 Rf8 22. g5 Nc7 23. Qb3 Rae8 24. Nb5 Qd7 25. Nxc7 Qxc7 26. Re6 Rxe6 27.
Qxe6 Qf7 28. Qxf7 Rxf7 29. Rc1 Kg8 30. Rc8+ Rf8 31. Rxf8+ Kxf8 32. Kf1 Ke7 33.
Ke2 Ke6 34. Kd3 Kd5 35. a4 Bh8 36. b3 Bg7 37. Ke3 Bh8 38. Kd3 Bg7 39. Ke3 Bh8
40. h4 Bg7 41. Kd3 Bh8 42. h5 gxh5 43. Nh4 Bxd4 44. f4 Bb6 45. Nxf5 Bc7 46.
Ne3+ Ke6 47. Ke4 h4 48. f5+ Kf7 49. Nd5 h3 50. Kf3 h2 51. Kg2 Be5 52. Kh1 Kg7
53. Kg2 1/2-1/2

[Event "OLOMOUC 2006 - IM-A (CZE)"]
[Site "?"]
[Date "2006.08.04"]
[Round "4.1"]
[White "Gavrilov, Alexei"]
[Black "Kotan, Ladislav"]
[Result "1-0"]
[WhiteElo "2451"]
[BlackElo "2289"]
[PlyCount "69"]
[EventDate "2006.08.02"]

1. e4 e5 2. Nf3 Nc6 3. Bb5 a6 4. Ba4 Nf6 5. O-O Be7 6. Re1 b5 7. Bb3 d6 8. c3
O-O 9. h3 Be6 10. d4 Bxb3 11. axb3 exd4 12. cxd4 d5 13. e5 Nd7 14. Nc3 Nb4 15.
Ne2 Re8 16. Ng3 g6 17. Bh6 Nf8 18. Qd2 Ne6 19. Red1 c5 20. dxc5 Bxc5 21. Rac1
Qb6 22. Nh2 Rad8 23. Ng4 Be7 24. Kh1 Na2 25. Ra1 Nb4 26. f4 Rc8 27. Rac1 Rxc1
28. Rxc1 Qd4 29. f5 Qxd2 30. Bxd2 gxf5 31. Nxf5 Nd3 32. Rc8 Rxc8 33. Nxe7+ Kf8
34. Nxc8 h5 35. Nf6 1-0

[Event "OLOMOUC 2006 - IM-A (CZE)"]
[Site "?"]
[Date "2006.08.04"]
[Round "4.2"]
[White "Ptacnikova, Lenka"]
[Black "Cifka, Stanislav"]
[Result "1/2-1/2"]
[WhiteElo "2193"]
[BlackElo "2342"]
[PlyCount "63"]
[EventDate "2006.08.02"]

1. c4 e6 2. g3 d5 3. Bg2 Nf6 4. Nf3 dxc4 5. Qa4+ c6 6. Qxc4 b5 7. Qc2 Bb7 8. d4
Nbd7 9. O-O a6 10. a3 c5 11. dxc5 Bxc5 12. b4 Be7 13. Bb2 O-O 14. Nbd2 Nb6 15.
Rac1 Na4 16. Bd4 a5 17. bxa5 Bxa3 18. Rcd1 Be7 19. Qb1 b4 20. Nb3 Be4 21. Bxf6
Bxb1 22. Rxd8 Bxd8 23. Bxd8 Ba2 24. Be7 Bxb3 25. Bxf8 Kxf8 26. Nd4 Bd5 27. Bxd5
exd5 28. Rb1 Rxa5 29. Rxb4 g6 30. Rb7 Nc3 31. Rc7 Nb5 32. Nxb5 1/2-1/2

[Event "OLOMOUC 2006 - IM-A (CZE)"]
[Site "?"]
[Date "2006.08.04"]
[Round "4.3"]
[White "Klecker, Tadeas"]
[Black "Swicarz, Maciej"]
[Result "0-1"]
[WhiteElo "1955"]
[BlackElo "2268"]
[PlyCount "84"]
[EventDate "2006.08.02"]

1. Nf3 c5 2. c4 g6 3. g3 Bg7 4. Bg2 Nc6 5. O-O e6 6. d3 Nge7 7. Nc3 O-O 8. Bf4
d5 9. Qc1 d4 10. Ne4 b6 11. Bh6 f5 12. Bxg7 Kxg7 13. Ned2 Qd6 14. a3 Bd7 15.
Rb1 a5 16. Qc2 Ra7 17. e3 dxe3 18. fxe3 Rd8 19. Qc3+ e5 20. Kh1 Be8 21. Ne1 Kg8
22. e4 f4 23. gxf4 exf4 24. e5 Qxe5 25. Qxe5 Nxe5 26. Rxf4 Nxd3 27. Nxd3 Rxd3
28. Ne4 Kg7 29. Rf6 Nc8 30. Rbf1 Rf7 31. h4 Rxf6 32. Nxf6 Bf7 33. Rf4 Nd6 34.
Nd5 Nxc4 35. Rxc4 Rxd5 36. Re4 Rd2 37. Re7 Kf6 38. Rc7 Rxb2 39. Rc6+ Ke5 40.
Rc7 Be6 41. h5 gxh5 42. Rxh7 Bg4 0-1

[Event "OLOMOUC 2006 - IM-A (CZE)"]
[Site "?"]
[Date "2006.08.04"]
[Round "4.6"]
[White "Garrido Dominguez, Jesus"]
[Black "Chytilek, Roman"]
[Result "1/2-1/2"]
[WhiteElo "2341"]
[BlackElo "2392"]
[PlyCount "51"]
[EventDate "2006.08.02"]

1. e4 d5 2. exd5 Qxd5 3. Nc3 Qa5 4. Bc4 c6 5. d3 Bf5 6. Nge2 e6 7. Ng3 Bg6 8.
Qe2 Nd7 9. Bd2 Qc7 10. O-O Bd6 11. f4 Ne7 12. Nce4 b5 13. Bb3 Nc5 14. f5 exf5
15. Nxd6+ Qxd6 16. Bf4 Qd7 17. Rfe1 Nxb3 18. axb3 f6 19. h4 h5 20. c4 Kf7 21.
Qf3 Rhe8 22. Kh2 a5 23. Ne2 Kg8 24. Bd2 Bf7 25. Nf4 Ng6 26. Nxg6 1/2-1/2

[Event "OLOMOUC 2006 - IM-A (CZE)"]
[Site "?"]
[Date "2006.08.05"]
[Round "5.1"]
[White "Chytilek, Roman"]
[Black "Gavrilov, Alexei"]
[Result "1/2-1/2"]
[WhiteElo "2392"]
[BlackElo "2451"]
[PlyCount "72"]
[EventDate "2006.08.02"]

1. d4 Nf6 2. Nf3 d5 3. c4 e6 4. Nc3 Be7 5. Qc2 O-O 6. cxd5 Nxd5 7. Bd2 c5 8.
Nxd5 exd5 9. dxc5 Na6 10. g3 Nxc5 11. Bg2 Bg4 12. O-O Rc8 13. Be3 b6 14. Rfd1
Bf6 15. h3 Bh5 16. Qd2 Bg6 17. Rac1 Be4 18. Bd4 Re8 19. b4 Bxd4 20. Nxd4 Bxg2
21. Kxg2 Ne4 22. Qf4 g6 23. Rxc8 Qxc8 24. Rc1 Qd8 25. e3 Nd6 26. Rc6 Nc4 27.
Rc7 Re7 28. Rxe7 Qxe7 29. Nc6 Qe8 30. b5 Na3 31. Qb4 Nc4 32. Qe7 Qxe7 33. Nxe7+
Kf8 34. Nxd5 Na3 35. Nc3 Ke7 36. Kf3 Kd6 1/2-1/2

[Event "OLOMOUC 2006 - IM-A (CZE)"]
[Site "?"]
[Date "2006.08.05"]
[Round "5.2"]
[White "Skjoldborg, Jesper"]
[Black "Garrido Dominguez, Jesus"]
[Result "1-0"]
[WhiteElo "2290"]
[BlackElo "2341"]
[PlyCount "77"]
[EventDate "2006.08.02"]

1. e4 e5 2. Nf3 Nc6 3. Bc4 Bc5 4. O-O Nf6 5. d4 Nxd4 6. Nxe5 Ne6 7. Nd3 Be7 8.
e5 Ne4 9. Bxe6 dxe6 10. Qg4 Qd5 11. Qxg7 Rf8 12. Qxh7 Bd7 13. Bh6 Bc6 14. Bxf8
Ng5 15. Nf4 Qxe5 16. Bg7 Qxf4 17. Qh5 O-O-O 18. f3 Rg8 19. Nc3 Nxf3+ 20. Kh1
Qg5 21. Qxg5 Nxg5 22. Be5 Nh3 23. Bg3 f5 24. Ne2 Bd6 25. Nd4 Be4 26. Nf3 Bxg3
27. hxg3 Rxg3 28. Kh2 f4 29. gxh3 Bxf3 30. Rg1 Rxg1 31. Rxg1 Be4 32. Re1 Bf5
33. h4 Kd7 34. c3 Ke7 35. Kg2 Kf6 36. Kf3 e5 37. h5 Be6 38. Rg1 Bd5+ 39. Kf2
1-0

[Event "OLOMOUC 2006 - IM-A (CZE)"]
[Site "?"]
[Date "2006.08.05"]
[Round "5.4"]
[White "Swicarz, Maciej"]
[Black "Kanovsky, David"]
[Result "0-1"]
[WhiteElo "2268"]
[BlackElo "2368"]
[PlyCount "68"]
[EventDate "2006.08.02"]

1. d4 Nf6 2. c4 e6 3. Nf3 c5 4. e3 b6 5. Nc3 cxd4 6. exd4 Bb4 7. Bd2 O-O 8. Bd3
Ba6 9. a3 Bxc3 10. Bxc3 d5 11. b3 Nc6 12. O-O Rc8 13. Qe2 Na5 14. Bxa5 dxc4 15.
bxc4 bxa5 16. Rfd1 Qc7 17. Rac1 Rfd8 18. Qe3 g6 19. Rc3 Bb7 20. Rb3 Ng4 21. Qe2
Bxf3 22. Qxf3 Qxh2+ 23. Kf1 Rxd4 24. g3 Rcd8 25. c5 Ne5 26. Qe3 Qh1+ 27. Ke2
Qxd1+ 28. Kxd1 Rxd3+ 29. Rxd3 Rxd3+ 30. Qxd3 Nxd3 31. c6 Nxf2+ 32. Kc2 Ne4 33.
Kd3 Nd6 34. Kd4 Kf8 0-1

[Event "OLOMOUC 2006 - IM-A (CZE)"]
[Site "?"]
[Date "2006.08.06"]
[Round "6.2"]
[White "Klecker, Tadeas"]
[Black "Kotan, Ladislav"]
[Result "1/2-1/2"]
[WhiteElo "1955"]
[BlackElo "2289"]
[PlyCount "96"]
[EventDate "2006.08.02"]

1. Nf3 d5 2. c4 c6 3. cxd5 cxd5 4. d4 Nc6 5. Nc3 Nf6 6. Bf4 Nh5 7. Be5 f6 8.
Bg3 e6 9. e3 Nxg3 10. hxg3 g6 11. Bd3 Bg7 12. Rxh7 Rxh7 13. Bxg6+ Kf8 14. Bxh7
f5 15. Nh4 Qg5 16. Bg6 Ne7 17. Bh5 Bd7 18. Be2 Qh6 19. Qb3 f4 20. exf4 Bxd4 21.
Qxb7 Bc6 22. Qb4 Bf6 23. f5 Bxh4 24. Qxh4 Nxf5 25. Qxh6+ Nxh6 26. Bf3 Rc8 27.
Rc1 Rb8 28. b3 Ke7 29. Kd2 Ng8 30. Rh1 Nf6 31. Ne2 e5 32. Ng1 a5 33. Rh6 a4 34.
Kc2 Bd7 35. Kb2 axb3 36. axb3 Be6 37. Nh3 d4 38. Bd1 Ne4 39. f4 Nc5 40. fxe5
Bxb3 41. Bxb3 Rxb3+ 42. Kc1 Nd3+ 43. Kc2 Rc3+ 44. Kd2 Nxe5 45. Nf4 Nc4+ 46. Ke1
Rxg3 47. Re6+ Kf7 48. Re4 Re3+ 1/2-1/2